000 00610nam a2200229Ia 4500
003 OSt
005 20220928101759.0
006 a|||||r|||| 00| 0
007 ta
008 220927b |||||||| |||| 00| 0 eng d
024 _a40504
037 _cTextual
040 _aSDCL
_cSDCL
_beng
041 _2eng
_aeng
082 _aO152:g(Y), N0
100 _aPandey Shrinarayan
_9395078
245 0 _aSaahitya aur lok saahitya.
260 _aAllahabad
_bShaanti Prakashan
_c1990
300 _a126p.
_ccm.
942 _hO152:g(Y), N0
_cTEXL
_2CC
999 _c710701
_d710701